Comparison of International and Domestic Approach to Assessment of Business Environment
Gespeichert in:
| 1. Verfasser: | |
|---|---|
| Format: | Buchkapitel |
| Sprache: | Englisch |
| Schlagworte: | |
| Tags: |
Keine Tags, Fügen Sie das erste Tag hinzu!
|
MARC
| LEADER | 00000nla a2200000 4500 | ||
|---|---|---|---|
| 001 | 0233940 | ||
| 005 | 20240502073809.6 | ||
| 041 | 0 | |a eng | |
| 044 | |a SK | ||
| 245 | 1 | 0 | |a Comparison of International and Domestic Approach to Assessment of Business Environment |c Michaela Bruothová |
| 500 | |a Abstrakt | ||
| 610 | 2 | 0 | |a prostredie podnikateľské |
| 610 | 2 | 0 | |a kvalita |
| 610 | 2 | 0 | |a konkurencia |
| 610 | 2 | 0 | |a indexy |
| 100 | 1 | |a Bruothová, Michaela, 1979- | |